[Event "Linares (m/8)"]
[Site "?"]
[Date "1992.??.??"]
[Round "?"]
[White "Short, N."]
[Black "Karpov, An"]
[Result "1-0"]
[WhiteElo "2685"]
[BlackElo "2725"]
[PlyCount "71"]
[EventDate "1992.??.??"]
[Source "ChessBase"]
[SourceDate "1992.02.01"]

1. e4 e5 2. Nf3 Nc6 3. Bb5 a6 4. Ba4 Nf6 5. O-O Be7 6. Qe2 b5 7. Bb3 O-O 8. c3 d6 9. d4 Bg4 10. Rd1 exd4 11. cxd4 d5 12. e5 Ne4 13. a4 bxa4 14. Bxa4 Nb4 15. h3 Bh5 16. Nc3 Bg6 17. Be3 Rb8 18. Na2 c5 19. dxc5 Nxc5 20. Nxb4 Rxb4 21. Bc6 Qb6 22. Bxd5 Rxb2 23. Qc4 Rc2 24. Qg4 Qc7 25. Nd4 Rc3 26. Nc6 Re8 27. Bd4 Rc2 28. Nb4 Rd8 29. Nxc2 Bxc2 30. e6 Bf8 31. exf7+ Kh8 32. Re1 Bg6 33. Re8 Rxe8 34. fxe8=Q Bxe8 35. Bxc5 Bxc5 36. Qe6 1-0

[Event "cm"]
[Site "Linares ESP"]
[Date "1992.??.??"]
[Round "?"]
[White "Short, Nigel D"]
[Black "Karpov, Anatoly"]
[Result "1-0"]
[WhiteElo "2685"]
[BlackElo "2725"]
[PlyCount "25"]
[EventDate "1992.??.??"]
[Source "www.chesslib.no"]
[SourceDate "2004.05.04"]

1. e4 e5 2. Nf3 Nc6 3. Bb5 a6 4. Ba4 Nf6 5. O-O Be7 6. Qe2 b5 7. Bb3 O-O 8. c3 d6 9. d4 Bg4 10. Rd1 exd4 11. cxd4 d5 12. e5 Ne4 13. a4 1-0

[Event "World Blitz"]
[Site "Moscow RUS"]
[Date "2007.11.21"]
[Round "4"]
[White "Adams, Mi"]
[Black "Karpov, Ana"]
[Result "1-0"]
[WhiteElo "2729"]
[BlackElo "2670"]
[PlyCount "75"]
[EventDate "2007.11.21"]
[Source "www.chesslib.no"]
[SourceDate "2004.05.04"]

1. e4 e5 2. Nf3 Nc6 3. Bb5 a6 4. Ba4 Nf6 5. Qe2 b5 6. Bb3 Be7 7. O-O d6 8. c3 O-O 9. Rd1 Na5 10. Bc2 c5 11. d4 Qc7 12. d5 Bd7 13. b3 c4 14. b4 Nb7 15. a4 g6 16. h3 Nh5 17. Bh6 Rfb8 18. Nbd2 a5 19. axb5 Bxb5 20. Ba4 Bxa4 21. Rxa4 axb4 22. Rxb4 Na5 23. Ra4 Nb3 24. Rxc4 Qa5 25. Rc6 Qa2 26. Qf1 Nf4 27. Bxf4 exf4 28. Nc4 Qc2 29. e5 dxe5 30. Ncxe5 Rd8 31. d6 Bxd6 32. Rcxd6 Rxd6 33. Rxd6 Ra1 34. Ne1 Qxc3 35. N5f3 Nc5 36. Qe2 h6 37. Kh2 Kg7 38. Rd5 1-0

[Event "8th It"]
[Site "Montreal CAN"]
[Date "2007.07.22"]
[Round "3"]
[White "Tiviakov, S."]
[Black "Short, N."]
[Result "1-0"]
[WhiteElo "2648"]
[BlackElo "2683"]
[PlyCount "63"]
[EventDate "2007.07.19"]
[Source "www.chesslib.no"]
[SourceDate "2004.05.04"]

1. e4 e5 2. Nf3 Nc6 3. Bb5 a6 4. Ba4 Nf6 5. O-O Be7 6. Qe2 b5 7. Bb3 O-O 8. c3 d5 9. d3 d4 10. Rd1 Bg4 11. h3 Bxf3 12. Qxf3 Rb8 13. Nd2 g6 14. Qe2 dxc3 15. bxc3 b4 16. Ba4 Na7 17. d4 exd4 18. Nf3 bxc3 19. Rxd4 Qc8 20. e5 Nh5 21. e6 Nb5 22. Rd7 Qe8 23. Bb3 f6 24. Bh6 Ng7 25. Rad1 Nf5 26. Bxf8 Qxf8 27. g4 Ng7 28. Qc2 f5 29. Ne5 fxg4 30. Rxe7 Qxe7 31. Nc6 Qg5 32. h4 1-0

[Event "Amsterdam"]
[Site "?"]
[Date "1992.??.??"]
[Round "?"]
[White "Short, N."]
[Black "Timman, J."]
[Result "1-0"]
[WhiteElo "2685"]
[BlackElo "2620"]
[PlyCount "117"]
[EventDate "1992.??.??"]
[Source "ChessBase"]
[SourceDate "1992.02.01"]

1. e4 e5 2. Nf3 Nc6 3. Bb5 a6 4. Ba4 Nf6 5. O-O Be7 6. Qe2 b5 7. Bb3 O-O 8. c3 d5 9. d3 Bb7 10. Nbd2 Re8 11. a3 Bf8 12. Ba2 Nb8 13. Re1 Nbd7 14. Nf1 c5 15. exd5 Bxd5 16. Bxd5 Nxd5 17. Bd2 g6 18. Rad1 Bg7 19. h4 Nf8 20. h5 Qd7 21. hxg6 hxg6 22. Qe4 Rac8 23. Qh4 f6 24. Ng3 Ne6 25. Ne4 Kf7 26. Qg4 Re7 27. c4 Nb6 28. Ba5 Rc6 29. Bxb6 Rxb6 30. Nh4 Nf8 31. Qf3 Rc6 32. Nc3 Rd6 33. Nd5 Re8 34. Qg3 Rxd5 35. cxd5 Qxd5 36. b4 cxb4 37. axb4 Bh6 38. Qf3 Rd8 39. Qe4 Qd6 40. g3 Bg7 41. Ra1 Qxd3 42. Qxd3 Rxd3 43. Rxa6 Rb3 44. Rc1 Rxb4 45. Rc7+ Kg8 46. Ra8 Rg4 47. Kh2 f5 48. Rb7 Ra4 49. Rab8 Ra6 50. Rxb5 Kf7 51. R8b7+ Kf6 52. Nf3 e4 53. Ne5 Ne6 54. Rd5 Kg5 55. Nf7+ Kh5 56. Kg2 Bd4 57. Rb4 Bf6 58. Rxe4 Ng5 59. Rh4# 1-0

[Event "Europa ch 2008"]
[Site "Plovdiv BUL"]
[Date "2008.05.02"]
[Round "11.5"]
[White "Mamedov, Rauf"]
[Black "Akopian, Vladimir"]
[Result "1/2-1/2"]
[WhiteElo "2617"]
[BlackElo "2673"]
[PlyCount "82"]
[EventDate "2008.04.21"]
[Source "www.chesslib.no"]
[SourceDate "2004.05.04"]

1. e4 e5 2. Nf3 Nc6 3. Bb5 a6 4. Ba4 Nf6 5. Qe2 b5 6. Bb3 Be7 7. O-O O-O 8. c3 d5 9. d3 Re8 10. Rd1 Bb7 11. Nbd2 Bf8 12. Nf1 Na5 13. Bc2 c5 14. Ng3 Qb6 15. a3 c4 16. dxc4 dxe4 17. Nxe4 Nxe4 18. Bxe4 Bxe4 19. Qxe4 Nxc4 20. b3 Nd6 21. Qd5 Qb7 22. a4 Qxd5 23. Rxd5 f6 24. Nd2 Kf7 25. Ba3 Ke6 26. Rd3 Nb7 27. Bxf8 Rxf8 28. Ne4 Rfc8 29. g4 Nc5 30. Nxc5+ Rxc5 31. axb5 Rxb5 32. c4 Rc5 33. Rad1 Ra7 34. Rd6+ Ke7 35. Rb6 a5 36. Ra1 Kd7 37. Rd1+ Ke7 38. Ra1 Kd7 39. h3 Kc7 40. Re6 Kd7 41. Rb6 Kc7 1/2-1/2

[Event "Las Palmas"]
[Site "?"]
[Date "1994.??.??"]
[Round "?"]
[White "Polgar, Judit"]
[Black "Adams, Mi"]
[Result "0-1"]
[WhiteElo "2630"]
[BlackElo "2660"]
[PlyCount "62"]
[EventDate "1994.??.??"]
[Source "ChessBase"]
[SourceDate "1994.02.01"]

1. e4 e5 2. Nf3 Nc6 3. Bb5 a6 4. Ba4 Nf6 5. O-O Be7 6. Qe2 b5 7. Bb3 O-O 8. c3 d5 9. d3 Re8 10. Nbd2 Bf8 11. a3 h6 12. Ba2 Be6 13. Rd1 Qd7 14. exd5 Nxd5 15. Ne4 Nf4 16. Bxf4 exf4 17. Bxe6 Rxe6 18. Qc2 Rae8 19. b4 Ne5 20. Nxe5 Rxe5 21. Nd2 Re2 22. Qb1 Qc6 23. Qc1 Qb6 24. d4 g5 25. h3 h5 26. Qb1 Qf6 27. Nf1 g4 28. hxg4 hxg4 29. Qd3 Bd6 30. Rd2 f3 31. Rad1 Qh4 0-1

[Event "PCA/Intel-GP"]
[Site "London"]
[Date "1995.??.??"]
[Round "1"]
[White "Short, Nigel D"]
[Black "Sokolov, Ivan"]
[Result "1-0"]
[WhiteElo "2645"]
[BlackElo "2630"]
[PlyCount "47"]
[EventDate "1995.08.??"]
[Source "ChessBase"]

1. e4 e5 2. Nf3 Nc6 3. Bb5 a6 4. Ba4 Nf6 5. O-O Be7 6. Qe2 b5 7. Bb3 O-O 8. c3 d5 9. d3 Bb7 10. Nbd2 Re8 11. Re1 Bf8 12. a3 Na5 13. Ba2 c5 14. b4 Nc6 15. exd5 Nxd5 16. Ne4 cxb4 17. Nfg5 f6 18. Qh5 fxg5 19. Nxg5 h6 20. Qf7+ Kh8 21. Bxd5 Bc5 22. Qg6 Bxf2+ 23. Kh1 Qxg5 24. Bxg5 1-0

[Event "Arctic Chess Challenge"]
[Site "Tromso NOR"]
[Date "2007.08.07"]
[Round "4"]
[White "Gashimov, V."]
[Black "Brodsky, M."]
[Result "1/2-1/2"]
[WhiteElo "2655"]
[BlackElo "2595"]
[PlyCount "120"]
[EventDate "2007.08.04"]
[Source "www.chesslib.no"]
[SourceDate "2004.05.04"]

1. e4 e5 2. Nf3 Nc6 3. Bb5 a6 4. Ba4 Nf6 5. O-O Be7 6. Qe2 b5 7. Bb3 O-O 8. c3 d5 9. d3 Bb7 10. Rd1 d4 11. Nbd2 Nd7 12. Bd5 dxc3 13. bxc3 Na5 14. Bxb7 Nxb7 15. Nf1 Nd6 16. d4 Bf6 17. Ng3 Re8 18. Qc2 Qc8 19. Bg5 Bxg5 20. Nxg5 f6 21. Nf3 Nb6 22. Nh4 Qe6 23. Nhf5 exd4 24. Nxd4 Qc4 25. f3 Rad8 26. Rac1 Rd7 27. Nb3 Red8 28. Qf2 Nb7 29. Rd4 Qe6 30. f4 c5 31. Rxd7 Nxd7 32. Rd1 Qe8 33. Qf3 c4 34. Nd4 Ndc5 35. Rf1 Nd3 36. e5 fxe5 37. fxe5 Nbc5 38. Nc6 Rd7 39. Nf5 h6 40. Qg3 Kh7 41. Nfd4 Rc7 42. Qf3 Qg6 43. h4 h5 44. Qf5 Qxf5 45. Rxf5 g6 46. Rf3 Kh6 47. Rf8 Kg7 48. Ra8 Nf4 49. Nb4 Re7 50. g3 Nfe6 51. Kg2 Nc7 52. Rc8 Rf7 53. Kh3 Rd7 54. a3 Kf7 55. Nbc6 N7e6 56. Ra8 Nc7 57. Rb8 N7e6 58. Ra8 Nc7 59. Nd8+ Ke8 60. Rc8 Rxd8 1/2-1/2

[Event "Wijk aan Zee (open)"]
[Site "?"]
[Date "1995.??.??"]
[Round "?"]
[White "Short, N."]
[Black "Almasi, Z."]
[Result "1/2-1/2"]
[WhiteElo "2655"]
[BlackElo "2590"]
[PlyCount "79"]
[EventDate "1995.??.??"]
[Source "ChessBase"]
[SourceDate "1994.10.01"]

1. e4 e5 2. Nf3 Nc6 3. Bb5 a6 4. Ba4 Nf6 5. O-O Be7 6. Qe2 b5 7. Bb3 O-O 8. c3 d5 9. d3 Bb7 10. Nbd2 Re8 11. a3 Bf8 12. Re1 Qd7 13. exd5 Nxd5 14. Ne4 Rad8 15. Bg5 Be7 16. Rad1 Qg4 17. h3 Qh5 18. Ba2 h6 19. Bd2 Qg6 20. Ng3 Bf8 21. d4 Nf4 22. Qf1 e4 23. Nh4 Qf6 24. Bxf4 Qxf4 25. Ng6 Qd6 26. Nxf8 Qxf8 27. d5 Ne7 28. d6 Rxd6 29. Rxd6 cxd6 30. Nxe4 Ng6 31. Qd3 d5 32. Bxd5 Nf4 33. Nf6+ gxf6 34. Qg3+ Kh8 35. Rxe8 Qxe8 36. Qxf4 Bxd5 37. Qxh6+ Kg8 38. Qxf6 Qe4 39. Qg5+ Kf8 40. Qd8+ 1/2-1/2

[Event "Dos Hermanas"]
[Site "?"]
[Date "1993.??.??"]
[Round "?"]
[White "Yudasin, L."]
[Black "Khalifman, A."]
[Result "1-0"]
[WhiteElo "2610"]
[BlackElo "2630"]
[PlyCount "159"]
[EventDate "1993.??.??"]
[Source "ChessBase"]
[SourceDate "1993.02.01"]

1. e4 e5 2. Nf3 Nc6 3. Bb5 a6 4. Ba4 Nf6 5. O-O Be7 6. Qe2 b5 7. Bb3 O-O 8. c3 d6 9. h3 Na5 10. Bc2 c5 11. d4 Qc7 12. Rd1 Bd7 13. dxe5 dxe5 14. Nbd2 Rfd8 15. Nf1 Be6 16. Rxd8+ Rxd8 17. Ng3 g6 18. Bg5 Nc4 19. Bb3 Ne8 20. Nf1 f6 21. Bh6 Bf7 22. N3h2 Ncd6 23. Ng4 c4 24. Bc2 Be6 25. Re1 Nf7 26. Bc1 Qc6 27. h4 b4 28. Nd2 a5 29. h5 a4 30. hxg6 hxg6 31. cxb4 Bxb4 32. Ne3 c3 33. bxc3 Qxc3 34. a3 Ba5 35. Rd1 Bb3 36. Bxb3 axb3 37. Qb5 Ned6 38. Qa4 Rb8 39. Ndc4 Nxc4 40. Nxc4 Qc2 41. Ne3 Qc3 42. Bd2 Qd4 43. Bb4 b2 44. Rxd4 exd4 45. Qb3 dxe3 46. fxe3 Bxb4 47. axb4 Kf8 48. Qxb2 Ke7 49. Qc3 Ne5 50. Qc5+ Ke6 51. Kf1 Nd7 52. Qc4+ Ke7 53. Ke2 Rb6 54. Kd2 Kd6 55. b5 Ke7 56. Kc3 Re6 57. Kb4 Re5 58. Ka5 Re6 59. Qb4+ Rd6 60. Qa3 Ne5 61. Qa2 Rd2 62. Qb3 Rd3 63. Qc2 Rd2 64. Qc5+ Rd6 65. Qc1 Nd7 66. Qh1 g5 67. Qh7+ Ke6 68. Qg8+ Ke7 69. e5 Nxe5 70. b6 Rd7 71. Qc8 Rd2 72. Qc3 Rd5+ 73. Ka4 Rd8 74. b7 Nd7 75. Kb5 Rh8 76. Kc6 Nb8+ 77. Kc7 Na6+ 78. Kb6 Nb8 79. Qc7+ Ke6 80. Qc8+ 1-0

[Event "Hoogovens"]
[Site "Wijk aan Zee"]
[Date "1994.??.??"]
[Round "3"]
[White "Tiviakov, Sergei"]
[Black "Morovic Fernandez, Ivan"]
[Result "1/2-1/2"]
[WhiteElo "2630"]
[BlackElo "2605"]
[PlyCount "101"]
[EventDate "1994.01.??"]
[Source "ChessBase"]

1. e4 e5 2. Nf3 Nc6 3. Bb5 a6 4. Ba4 Nf6 5. Qe2 Be7 6. c3 b5 7. Bb3 O-O 8. O-O d5 9. d3 d4 10. cxd4 Nxd4 11. Nxd4 Qxd4 12. Be3 Qd6 13. Rc1 Rd8 14. Nd2 Qxd3 15. Qxd3 Rxd3 16. Rxc7 Bd7 17. Nf3 Bd6 18. Rcc1 Nxe4 19. Bc2 Rxe3 20. fxe3 Nf6 21. Nd2 Kf8 22. Ne4 Nxe4 23. Bxe4 Rb8 24. Rc2 Ke7 25. Rd1 Rb6 26. Kf2 f5 27. Bd5 e4 28. g3 h5 29. Bb3 h4 30. gxh4 Bxh2 31. Rcd2 Bd6 32. Bf7 a5 33. h5 a4 34. Bg6 Be6 35. Kg2 Bc5 36. Re2 Bc4 37. Rf2 Be6 38. Bxf5 Bxe3 39. Rff1 Bh6 40. Bxe4 Bxa2 41. Bf5 Bc4 42. Rfe1+ Kf6 43. Bg6 Re6 44. Kf3 Bb3 45. Rxe6+ Kxe6 46. Re1+ Kd6 47. Ke4 b4 48. Kd3 a3 49. bxa3 bxa3 50. Kc3 Bd5 51. Rd1 1/2-1/2

[Event "Open Aeroflot"]
[Site "Mosca RUS"]
[Date "2007.02.20"]
[Round "7"]
[White "Mamedov, Rau"]
[Black "Naiditsch, A."]
[Result "1-0"]
[WhiteElo "2566"]
[BlackElo "2663"]
[PlyCount "61"]
[EventDate "2007.02.14"]
[Source "www.chesslib.no"]
[SourceDate "2004.05.04"]

1. e4 e5 2. Nf3 Nc6 3. Bb5 Nf6 4. Qe2 a6 5. Ba4 b5 6. Bb3 Be7 7. O-O d6 8. c3 Bg4 9. h3 Bh5 10. Rd1 O-O 11. d3 d5 12. Nbd2 d4 13. Nf1 a5 14. g4 Bg6 15. a4 dxc3 16. bxc3 b4 17. Bb2 Re8 18. Bc4 bxc3 19. Bxc3 Nd4 20. Nxd4 exd4 21. Bd2 h5 22. g5 Nd7 23. f4 Bb4 24. Qg2 h4 25. Qg4 Rb8 26. Qxh4 Nb6 27. Bb5 c6 28. Bxc6 Re6 29. Bb5 f5 30. Bxb4 axb4 31. a5 1-0

[Event "I Open Ruy Lopez"]
[Site "Zafra SPA"]
[Date "2007.03.24"]
[Round "4"]
[White "Strikovic, A."]
[Black "Sargissian, G."]
[Result "0-1"]
[WhiteElo "2557"]
[BlackElo "2658"]
[PlyCount "150"]
[EventDate "2007.03.24"]
[Source "www.chesslib.no"]
[SourceDate "2004.05.04"]

1. e4 e5 2. Nf3 Nc6 3. Bb5 a6 4. Ba4 Nf6 5. Qe2 b5 6. Bb3 Be7 7. O-O O-O 8. c3 d5 9. d3 Be6 10. exd5 Nxd5 11. Nxe5 Nxe5 12. Qxe5 Bd6 13. Qe4 Re8 14. Qf3 a5 15. Nd2 a4 16. Bc2 Rf8 17. Qe4 Re8 18. Qf3 Qd7 19. h3 f5 20. Qd1 Bf7 21. Nf3 Bh5 22. a3 Bf4 23. d4 Bxc1 24. Rxc1 Nf4 25. Kh2 Qd6 26. g3 Ne2 27. Qd3 Nxc1 28. Rxc1 Bxf3 29. Qxf3 g6 30. h4 Kg7 31. Bd3 Rab8 32. Bf1 c5 33. dxc5 Qxc5 34. Rd1 Rbd8 35. Kg1 Rxd1 36. Qxd1 Re7 37. Qd3 Qe5 38. Qxb5 Qxb5 39. Bxb5 Re1+ 40. Kg2 Rb1 41. Bxa4 Rxb2 42. Bd1 Ra2 43. a4 Ra1 44. Bc2 Rc1 45. Bd3 Rxc3 46. Bb5 Ra3 47. Bc6 Kf6 48. Bb5 Ke5 49. Bc6 Kd4 50. Be8 Kd3 51. Kf3 Kd2+ 52. Kf4 Ke2 53. g4 Kxf2 54. gxf5 Rf3+ 55. Kg5 Rxf5+ 56. Kg4 Ke3 57. Bd7 Re5 58. Bc6 Kd4 59. Bd7 Kd5 60. Kf4 Kd6 61. Bb5 Rh5 62. Ke3 Ke7 63. Bd3 Kf6 64. Bc2 Rc5 65. Bd3 Rd5 66. Bb5 Rd4 67. Kf3 Rb4 68. Bc6 Rc4 69. Bb5 Rc5 70. Be2 Rd5 71. Bb5 Kf5 72. Kg3 Rd4 73. Kf3 Rb4 74. Bd7+ Kf6 75. a5 Rb3+ 0-1

[Event "Tilburg"]
[Site "Tilburg"]
[Date "1990.??.??"]
[Round "12"]
[White "Short, Nigel D"]
[Black "Nikolic, Predrag"]
[Result "1/2-1/2"]
[WhiteElo "2610"]
[BlackElo "2600"]
[PlyCount "60"]
[EventDate "1990.09.??"]
[Source "ChessBase"]

1. e4 e5 2. Nf3 Nc6 3. Bb5 a6 4. Ba4 Nf6 5. O-O Be7 6. Qe2 b5 7. Bb3 O-O 8. c3 d5 9. d3 Qd6 10. Nbd2 Be6 11. Re1 dxe4 12. dxe4 Rfd8 13. a4 Bxb3 14. Nxb3 Rab8 15. axb5 axb5 16. Ra6 Nd4 17. Nbxd4 Qxa6 18. Nxe5 Rb6 19. Bg5 Re8 20. Qf3 Bf8 21. Qf4 Qa2 22. b3 c5 23. Ndc6 Qxb3 24. Bxf6 gxf6 25. Qg4+ Bg7 26. Ne7+ Rxe7 27. Qc8+ Bf8 28. Qg4+ Kh8 29. Qc8 Kg8 30. Qg4+ Kh8 1/2-1/2

[Event "Groningen"]
[Site "?"]
[Date "1992.??.??"]
[Round "?"]
[White "Miles, A."]
[Black "Beliavsky, A."]
[Result "1-0"]
[WhiteElo "2595"]
[BlackElo "2595"]
[PlyCount "81"]
[EventDate "1992.??.??"]
[Source "ChessBase"]
[SourceDate "1992.10.01"]

1. e4 e5 2. Nf3 Nc6 3. Bb5 a6 4. Ba4 Nf6 5. O-O Be7 6. Qe2 b5 7. Bb3 d6 8. c3 O-O 9. d4 Bg4 10. Rd1 Qe8 11. h3 Bh5 12. a4 Bg6 13. Nbd2 exd4 14. cxd4 Na5 15. Ba2 bxa4 16. Nh4 Qb5 17. Qf3 Rab8 18. Nxg6 hxg6 19. Bb1 Nd7 20. Qa3 Nb6 21. Bd3 Qh5 22. Re1 c5 23. Be2 Qh4 24. Qc3 Nc6 25. Nf3 Qh8 26. dxc5 dxc5 27. Bf4 Rb7 28. Rad1 c4 29. Bd6 Rc8 30. e5 Qh6 31. Nd4 Bxd6 32. exd6 Ne5 33. Bf3 Nxf3+ 34. Qxf3 Rd7 35. Nc6 Kh7 36. Ne5 a3 37. Nxd7 Nxd7 38. Qb7 Rd8 39. Qc7 Qg5 40. bxa3 c3 41. Qxc3 1-0

[Event "Budapest (m/6)"]
[Site "?"]
[Date "1993.??.??"]
[Round "?"]
[White "Polgar, Judit"]
[Black "Spassky, B."]
[Result "1/2-1/2"]
[WhiteElo "2595"]
[BlackElo "2565"]
[PlyCount "85"]
[EventDate "1993.??.??"]
[Source "ChessBase"]
[SourceDate "1992.10.01"]

1. e4 e5 2. Nf3 Nc6 3. Bb5 a6 4. Ba4 Nf6 5. O-O Be7 6. Qe2 b5 7. Bb3 O-O 8. c3 d6 9. d4 Bg4 10. Rd1 exd4 11. cxd4 d5 12. e5 Ne4 13. a4 b4 14. a5 Kh8 15. Qc2 Na7 16. Nbd2 f5 17. exf6 Nxf6 18. Re1 c5 19. Ne5 c4 20. Ndxc4 Rc8 21. Qd3 dxc4 22. Bxc4 Nb5 23. Bg5 Bh5 24. Re3 Qxd4 25. Bxb5 Qxb2 26. Rb1 Rc1+ 27. Rxc1 Qxc1+ 28. Qf1 Qxf1+ 29. Bxf1 Bc5 30. Rh3 Ng4 31. Rxh5 Nxe5 32. Be7 Bxe7 33. Rxe5 Bf6 34. Re3 Bd4 35. Rf3 Rxf3 36. gxf3 b3 37. Bxa6 Bc3 38. Bc4 b2 39. Ba2 Bxa5 40. f4 Bc7 41. f5 h5 42. Kg2 Kh7 43. h4 1/2-1/2

[Event "Chigorin Mem A"]
[Site "St Petersburg RUS"]
[Date "2007.12.08"]
[Round "8"]
[White "Mamedov, Rau"]
[Black "Khairullin, I."]
[Result "1/2-1/2"]
[WhiteElo "2586"]
[BlackElo "2567"]
[PlyCount "24"]
[EventDate "2007.12.01"]
[Source "www.chesslib.no"]
[SourceDate "2004.05.04"]

1. e4 e5 2. Nf3 Nc6 3. Bb5 a6 4. Ba4 Nf6 5. Qe2 b5 6. Bb3 Be7 7. O-O d6 8. c3 O-O 9. Rd1 Na5 10. Bc2 c5 11. d4 Qc7 12. d5 Bd7 1/2-1/2

[Event "Moscow ol (Men)"]
[Site "Moscow"]
[Date "1994.??.??"]
[Round "6"]
[White "Mortensen, Erling"]
[Black "Adams, Michael"]
[Result "0-1"]
[WhiteElo "2500"]
[BlackElo "2640"]
[PlyCount "179"]
[EventDate "1994.11.??"]
[Source "ChessBase"]

1. e4 e5 2. Nf3 Nc6 3. Bb5 a6 4. Ba4 Nf6 5. O-O Be7 6. Qe2 b5 7. Bb3 O-O 8. c3 d5 9. d3 Re8 10. Nbd2 Bf8 11. exd5 Na5 12. c4 bxc4 13. dxc4 e4 14. Nd4 Bc5 15. Nc2 Ng4 16. Ne3 Qh4 17. h3 Nxe3 18. fxe3 Qg3 19. Bc2 Qxe3+ 20. Qxe3 Bxe3+ 21. Kh2 Bxd2 22. Bxd2 Nxc4 23. Bf4 Bb7 24. Bb3 Bxd5 25. Rfc1 Nb6 26. Bxc7 Bxb3 27. Bxb6 Be6 28. Be3 h6 29. h4 Rad8 30. Kg3 Rd3 31. Kf2 Rb8 32. b3 Rb5 33. Re1 Rh5 34. Kg3 f5 35. Rad1 Rxd1 36. Rxd1 g5 37. hxg5 hxg5 38. Rd6 f4+ 39. Bxf4 gxf4+ 40. Kxf4 Rh4+ 41. Kg5 Rg4+ 42. Kf6 Kh7 43. Rd1 Rg6+ 44. Ke5 Bf7 45. Kxe4 Rxg2 46. Ra1 Kg7 47. Kd4 Rc2 48. Kd3 Bg6+ 49. Kd4 Bf7 50. Kd3 Rc6 51. Kd2 Kf6 52. Rc1 Rb6 53. Rc5 Ke6 54. Kc3 Kd6 55. Rf5 Be6 56. Rg5 Kc7 57. Rg7+ Bd7 58. Kb2 Rd6 59. Kc3 Kb6 60. Rg5 Bc6 61. Rh5 Rg6 62. Rh2 Kc5 63. Kb2 Be4 64. Rd2 Rg3 65. Rh2 Kd4 66. Rd2+ Bd3 67. Rh2 Rg4 68. Rf2 Rh4 69. Rg2 Be4 70. Rd2+ Bd3 71. Rg2 Rh6 72. Rg4+ Be4 73. Ka3 Rh2 74. Rg5 Bd3 75. Rg4+ Kc3 76. Rg3 Rh5 77. Ka4 Rd5 78. Rh3 Kb2 79. Rh2+ Kb1 80. Kb4 Bc2 81. Rh6 Bd3 82. Rh2 Re5 83. Kc3 Be2 84. a4 Ka2 85. b4 Ka3 86. Kd2 Bg4 87. Rh6 Bc8 88. Rb6 Re7 89. a5 Re5 90. Kc3 0-1

[Event "QP,NatWest M"]
[Site "Leeds QP,NatWest M"]
[Date "1991.??.??"]
[Round "?"]
[White "Watson, William N"]
[Black "Nunn, John D M"]
[Result "1/2-1/2"]
[WhiteElo "2505"]
[BlackElo "2600"]
[PlyCount "207"]
[EventDate "1991.??.??"]
[Source "www.chesslib.no"]
[SourceDate "2004.05.04"]

1. e4 e5 2. Nf3 Nc6 3. Bb5 a6 4. Ba4 Nf6 5. O-O Be7 6. Qe2 b5 7. Bb3 O-O 8. c3 d5 9. d3 Re8 10. Re1 Be6 11. Nbd2 Bf8 12. h3 h6 13. a4 b4 14. a5 bxc3 15. bxc3 dxe4 16. dxe4 Bxb3 17. Nxb3 Qb8 18. Nfd2 Qb5 19. Qe3 Rad8 20. Qe2 Qxe2 21. Rxe2 Rd3 22. Bb2 Rb8 23. Nc1 Rdd8 24. Ba3 Bxa3 25. Rxa3 Rb2 26. Ra2 Rxa2 27. Nxa2 Nxa5 28. Nb4 Rd6 29. c4 Rd4 30. Nxa6 Nxc4 31. Nf3 Rxe4 32. Rxe4 Nxe4 33. Nxc7 f6 34. Kf1 Kf7 35. Ke2 Nc5 36. g3 Nd6 37. Kf1 Nf5 38. Nb5 Ke6 39. Kg2 e4 40. Nd2 Nd6 41. Nd4+ Ke5 42. Nc6+ Kd5 43. Ne7+ Kd4 44. Nf1 f5 45. Ne3 Ke5 46. Nc6+ Ke6 47. Nd4+ Kf6 48. Nc6 Nd7 49. Nd5+ Ke6 50. Nf4+ Kf7 51. Nd8+ Kf6 52. h4 g5 53. hxg5+ hxg5 54. Nd5+ Ke5 55. Ne3 Nb6 56. Nc6+ Kf6 57. Nd4 f4 58. Ng4+ Kg6 59. Ne5+ Kg7 60. Kh3 f3 61. Kg4 Kf6 62. Ndxf3 exf3 63. Nxf3 Ne4 64. Nxg5 Nxg5 65. f4 Ne6 66. Kf3 Nc4 67. Ke4 Nd2+ 68. Ke3 Nf1+ 69. Kf2 Nh2 70. Kg2 Ng4 71. Kf3 Kf5 72. Ke2 Ke4 73. Kd2 Nd4 74. Kc3 Nf5 75. Kc4 Kf3 76. Kd3 Kxg3 77. Ke4 Nge3 78. Ke5 Kf3 79. Kf6 Ke4 80. Ke6 Nd5 81. Kf7 Nc7 82. Kf6 Nd5+ 83. Ke6 Nb6 84. Kf6 Nc8 85. Ke6 Ncd6 86. Kf6 Kd5 87. Kg5 Ke6 88. Kg4 Nc4 89. Kf3 Kd5 90. Kg4 Nce3+ 91. Kg5 Ke6 92. Kg6 Nd5 93. Kg5 Nf6 94. Kg6 Ne4 95. Kh5 Nf2 96. Kg5 Nd1 97. Kg4 Nde3+ 98. Kg5 Kf7 99. Kh5 Ke7 100. Kg5 Ke6 101. Kg6 Nd1 102. Kg5 Nf2 103. Kg6 Ne4 104. Kh5 1/2-1/2

[Event "II Open internazionale"]
[Site "Morelia MES"]
[Date "2007.02.16"]
[Round "3"]
[White "Tiviakov, S."]
[Black "Norgaard, J."]
[Result "1-0"]
[WhiteElo "2667"]
[BlackElo "2434"]
[PlyCount "109"]
[EventDate "2007.02.15"]
[Source "www.chesslib.no"]
[SourceDate "2004.05.04"]

1. e4 e5 2. Nf3 Nc6 3. Bb5 a6 4. Ba4 Nf6 5. O-O Be7 6. Qe2 b5 7. Bb3 d6 8. c3 O-O 9. Rd1 Na5 10. Bc2 c5 11. d4 Qc7 12. d5 c4 13. b4 Nb7 14. a4 Bd7 15. h3 Qc8 16. Be3 Ne8 17. Nbd2 g6 18. Ra3 Ng7 19. Rda1 Rb8 20. Nf1 Nd8 21. axb5 axb5 22. Ra7 f6 23. R1a6 Nf7 24. Rb6 Rxb6 25. Bxb6 Bd8 26. Qe3 Qb8 27. Ba5 Bc8 28. Ng3 Re8 29. Bxd8 Rxd8 30. Nh2 Rd7 31. Ra5 Rb7 32. Bd1 Rb6 33. Bg4 Rb7 34. Qf3 Ne8 35. Bxc8 Qxc8 36. Ng4 Kg7 37. h4 Qb8 38. h5 Qc8 39. Ne3 Nc7 40. Ng4 Ne8 41. Ra6 Qd8 42. Kh2 Qc8 43. Kh1 Qd8 44. Ne3 Qc8 45. Qe2 Nc7 46. Ra5 Rb6 47. Ng4 Ra6 48. Qf3 Qd8 49. Qe3 Ng5 50. f3 Qd7 51. Kg1 Qc8 52. Kh2 Qd7 53. Qf2 Qc8 54. Rxa6 Nxa6 55. Qb6 1-0

[Event "4th Open A"]
[Site "Moscow RUS"]
[Date "2008.02.07"]
[Round "6"]
[White "Safarli, E."]
[Black "Kaidanov, G."]
[Result "1-0"]
[WhiteElo "2496"]
[BlackElo "2604"]
[PlyCount "39"]
[EventDate "2008.02.02"]
[Source "www.chesslib.no"]
[SourceDate "2004.05.04"]

1. e4 e5 2. Nf3 Nc6 3. Bb5 a6 4. Ba4 Nf6 5. Qe2 b5 6. Bb3 Be7 7. O-O O-O 8. c3 d5 9. d3 Bb7 10. Rd1 h6 11. Nbd2 Re8 12. Nf1 Bf8 13. Ng3 Na5 14. Bc2 c5 15. Nf5 Qc7 16. N3h4 Rad8 17. Qf3 Re6 18. Re1 c4 19. exd5 Rxd5 20. Qg3 1-0

[Event "Viernheim"]
[Site "Viernheim"]
[Date "1995.??.??"]
[Round "5"]
[White "Onischuk, Alexander"]
[Black "Rausis, Igors"]
[Result "0-1"]
[WhiteElo "2575"]
[BlackElo "2515"]
[PlyCount "117"]
[EventDate "1995.10.??"]
[Source "ChessBase"]

1. e4 e5 2. Nf3 Nc6 3. Bb5 a6 4. Ba4 Nf6 5. Qe2 Be7 6. c3 b5 7. Bb3 O-O 8. O-O d5 9. d3 d4 10. Bg5 Bg4 11. h3 Bxf3 12. Qxf3 Na5 13. cxd4 Qxd4 14. Nc3 Nxb3 15. axb3 c6 16. Ra2 Qb4 17. Qd1 Rfd8 18. Qc2 Nd7 19. Bxe7 Qxe7 20. Rc1 Nb8 21. Rd1 Qc5 22. Rd2 Ra7 23. Ra1 Rad7 24. Qd1 g6 25. g3 Qe7 26. Qc2 Qc5 27. Qd1 Qe7 28. Qc2 Qc5 29. Qd1 Kg7 30. Kg2 Qe7 31. Qc2 Qc5 32. Qd1 Qe7 33. Qc2 Rd6 34. Ne2 R6d7 35. Qc3 Kg8 36. b4 Rd6 37. Ra3 h5 38. h4 Re6 39. Ra1 Red6 40. f3 Qd7 41. Rad1 Qe7 42. d4 Nd7 43. d5 cxd5 44. Rxd5 Nb6 45. Rxe5 Qxe5 46. Qxe5 Rxd1 47. b3 Nd7 48. Qe7 Nf8 49. f4 R1d2 50. Kf2 R8d7 51. Qe8 Rb2 52. g4 hxg4 53. h5 Rdd2 54. h6 Rxe2+ 55. Kg3 Rh2 56. Kxg4 Rxh6 57. Kg5 Rhh2 58. Qa8 Kg7 59. f5 0-1

[Event "Chigorin Mem A"]
[Site "St Petersburg RUS"]
[Date "2007.12.03"]
[Round "3"]
[White "Mamedov, Rau"]
[Black "Gasanov, E."]
[Result "1-0"]
[WhiteElo "2586"]
[BlackElo "2503"]
[PlyCount "99"]
[EventDate "2007.12.01"]
[Source "www.chesslib.no"]
[SourceDate "2004.05.04"]

1. e4 e5 2. Nf3 Nc6 3. Bb5 a6 4. Ba4 Nf6 5. Qe2 b5 6. Bb3 Be7 7. O-O O-O 8. c3 d5 9. d3 Bb7 10. Rd1 Re8 11. Nbd2 Bf8 12. Nf1 Na5 13. Bc2 c5 14. Ng3 g6 15. h3 Bg7 16. h4 Bc8 17. Nh2 h5 18. Bg5 Qd6 19. Bxf6 Bxf6 20. exd5 Bxh4 21. Ne4 Qxd5 22. Nf3 Be7 23. b4 cxb4 24. cxb4 Nc6 25. d4 Bg4 26. Bb3 Nxd4 27. Qe3 Qb7 28. Bxf7+ Kxf7 29. Nxe5+ Kg7 30. Rxd4 Rad8 31. Rxd8 Rxd8 32. Nc5 Bxc5 33. bxc5 Bf5 34. c6 Qe7 35. Re1 b4 36. Qb6 Rd5 37. Nf3 Qc5 38. Qb7+ Kh6 39. Qb8 Kg7 40. Qe8 Qf8 41. Qe2 a5 42. Qa6 Bg4 43. Qb7+ Kh6 44. Ne5 Rd2 45. Qa7 Rxa2 46. Nf7+ Kg7 47. f3 Bf5 48. Ng5+ Kh6 49. f4 Qg7 50. Re7 1-0